All Paradox Pokémon Normal Forms - Statistics

General Stats
  • This quiz has been taken 43 times
  • The average score is 13 of 16
Answer Stats
Hint Answer % Correct
Iron Thorns Tyranitar
100%
Iron Moth Volcarona
97%
Slither Wing Volcarona
97%
Iron Treads Donphan
93%
Great Tusk Donphan
93%
Iron Bundle Delibird
90%
Iron Hands Hariyama
90%
Iron Jugulis Hydreigon
90%
Flutter Mane Misdreavus
90%
Miraidon Cyclizar
86%
Koraidon Cyclizar
86%
Brute Bonnet Amoongus
83%
Scream Tail Jigglypuff
83%
Sandy Shocks Magneton
83%
Iron Valiant Mega Gallade
28%
Roaring Moon Mega Salamance
24%
No matching quizzes found
Score Distribution
Percent of People with Each Score
Percentile by Number Answered
Your Score History
You have not taken this quiz